Music Quiz

Random Music or Disney Quiz

Guess the Disney Lyrics! 16 Quiz Stats

 Plays Quiz not verified by Sporcle

Score 0/160 Timer 10:00
0 Plays Today
Lyrics % Correct
a
98.7%
A
98.7%
and
98.7%
and
98.7%
and
98.7%
And
98.7%
and
98.7%
And
98.7%
and
98.7%
And
98.7%
and
98.7%
I
97.2%
I
97.2%
I
97.2%
I
97.2%
I
97.2%
be
84.5%
be?
84.5%
be
84.5%
be
84.5%
You
83.2%
he
80.4%
he
80.4%
me
80.1%
it
78.9%
it
78.9%
we
77.4%
She
72.2%
she
72.2%
No
71.5%
in
71%
so
70.9%
so
70.9%
there
70.3%
There
70.3%
there
70.3%
there
70.3%
there
70.3%
there
70.3%
There
70.3%
there
70.3%
there
70.3%
when
70.2%
that
69.7%
that
69.7%
that
69.7%
that
69.7%
that
69.7%
that
69.7%
that
69.7%
on
68.5%
see
67.9%
see
67.9%
see
67.9%
Lyrics % Correct
no
66.8%
Who'd
65.8%
who'd
65.8%
who'd
65.8%
who'd
65.8%
who
65.7%
could
64.3%
my
64.3%
my
64.3%
can't
62.7%
have
62.6%
have
62.6%
have
62.6%
have
62.6%
was
62.3%
was
62.3%
this
62.1%
this
62.1%
why
61.3%
know
61.1%
But
58.1%
But
58.1%
But
58.1%
at
57.3%
at
57.3%
thought
56%
thought
56%
thought?
56%
ever
55.5%
then
54.6%
now
53.6%
something
53.5%
something
53.5%
something
53.5%
something
53.5%
something
53.5%
before
53.2%
before
53.2%
before
53.2%
before
53.2%
before
53.2%
him
51.4%
There's
50.9%
there's
50.9%
there's
50.9%
never
50.8%
he's
50.5%
he's
50.5%
just
49.9%
didn't
49%
didn't
49%
didn't
49%
way
48.5%
way
48.5%
Lyrics % Correct
wasn't
48.5%
wasn't
48.5%
wasn't
48.5%
kind
48.1%
Prince
47.9%
It's
47.6%
I'll
47.2%
True
46.7%
saw
45.8%
mean
45.8%
Charming
45.5%
their
44.7%
sweet
44.6%
looked
43.6%
almost
43.3%
unrefined
43.2%
paw
42.5%
she's
42.4%
Well
42.1%
Well
42.1%
Well
42.1%
Well
42.1%
We'll
42.1%
touched
41.1%
may
40.9%
may
40.9%
New
40.9%
bit
40.4%
alarming
39.6%
shudder
39.5%
wonder
39.3%
more
39%
come
38.3%
known?
38.1%
wait
37.5%
glanced
37.3%
unsure
37.1%
own?
36.3%
together
35.8%
dear
35.7%
coarse
35.6%
simply
35.5%
guessed
35.3%
soul
34.6%
bless
34.3%
ignore
34%
they'd
32.8%
days
31.3%
few
31.1%
indeed
27.7%
peculiar
25.2%
perhaps
19.5%

You're not logged in!

Compare scores with friends on all Sporcle quizzes.
OR
Log In

Show Comments

Extras

Created Oct 17, 2010ReportNominate
Tags:Disney Quiz, Lyrics Quiz

Top Quizzes Today


Score Distribution

Your Account Isn't Verified!

In order to create a playlist on Sporcle, you need to verify the email address you used during registration. Go to your Sporcle Settings to finish the process.

Report this User

Report this user for behavior that violates our Community Guidelines.

Details: